| 000 | 00357cam a22001217a 4500 | ||
|---|---|---|---|
| 008 | 180718b1961 xxu||||| |||| 00| 0 eng d | ||
| 082 | _aN4x5414 Sa19 | ||
| 245 |
_aHistory of Orissa Police _cedited by Nabin Kumar Sahu |
||
| 260 |
_aCuttack _bOrissa Police Magazine _c1961 |
||
| 300 | _a441p. | ||
| 650 | _aPolice --India --Orissa | ||
| 700 | _aSahu, Nabin Kumar | ||
| 999 |
_c501624 _d501624 |
||